00319nam a2200133Ia 4500003000400000005001700004008004000021040000700061041001100068082001100079100002100090245002900111260004500140OSt20230511142757.0210210b1915 xxu||||| |||| 00| 0 eng d cAL aFrench a444/63 aFRAZER (Mrs J G) aLa maison aux panonceaux aCambridgebAt the University Pressc1915